| 000 -LEADER |
| fixed length control field |
00517 a2200169 4500 |
| 003 - CONTROL NUMBER IDENTIFIER |
| control field |
OSt |
| 005 - DATE AND TIME OF LATEST TRANSACTION |
| control field |
20231223160433.0 |
| 008 - FIXED-LENGTH DATA ELEMENTS--GENERAL INFORMATION |
| fixed length control field |
231223b ||||| |||| 00| 0 eng d |
| 020 ## - INTERNATIONAL STANDARD BOOK NUMBER |
| International Standard Book Number |
978-8415391364 |
| 082 ## - DEWEY DECIMAL CLASSIFICATION NUMBER |
| Classification number |
724 |
| Item number |
YAN |
| 100 ## - MAIN ENTRY--PERSONAL NAME |
| Personal name |
Ma, Yansong |
| Dates associated with a name |
1975- |
| 245 ## - TITLE STATEMENT |
| Title |
Ma Yansong : |
| Remainder of title |
entre la modernidad (global) y la tradición (local) = from (global) modernity to (local) tradition |
| 260 ## - PUBLICATION, DISTRIBUTION, ETC. (IMPRINT) |
| Name of publisher, distributor, etc |
Fundación ICO |
| Date of publication, distribution, etc |
2012 |
| 700 ## - ADDED ENTRY--PERSONAL NAME |
| Personal name |
Gras Balaguer, Menene |
| Dates associated with a name |
1951- |
| 700 ## - ADDED ENTRY--PERSONAL NAME |
| Personal name |
Museo Colecciones I.C.O |
| 942 ## - ADDED ENTRY ELEMENTS (KOHA) |
| Source of classification or shelving scheme |
|